Normal view
MARC view
- تاليف لاشين، عبد الخالق محمد؛ تقديم مصطفى، أحمد عبد الرحيم
Entry Personal Name
001 - CONTROL NUMBER
- control field: 16928
003 - CONTROL NUMBER IDENTIFIER
- control field: JO-AjAnu
005 - DATE AND TIME OF LATEST TRANSACTION
- control field: 20230606073011.0
008 - FIXED-LENGTH DATA ELEMENTS
- fixed length control field: 230606|| aca||aabn | a|a d
040 ## - CATALOGING SOURCE
- Original cataloging agency: JO-AjAnu
- Transcribing agency: JO-AjAnu
100 ## - HEADING--PERSONAL NAME
- Personal name: تاليف لاشين، عبد الخالق محمد؛ تقديم مصطفى، أحمد عبد الرحيم
670 ## - SOURCE DATA FOUND
- Source citation: Work cat.: (JO-AjAnu)8692: تاليف لاشين، عبد الخالق محمد؛ تقديم مصطفى، أحمد عبد الرحيم, author, سعد زغلول: دوره في السياسة المصرية حتى سنة 1914، الجزء الأول